000 00606nam a2200229Ia 4500
003 OSt
005 20220923230356.0
006 a|||||r|||| 00| 0
007 ta
008 Pun
024 _a279,916
037 _cTextual
040 _aARTS
_cARTS
_bPun
041 _2Pun
_aPun
082 _aO153,.1NPR4x, M0
100 _aਸਿੰਘ, ਹਗ਼ੂਰਾ
_9156291
245 0 _aਪ੍ਰੀਤ ਦੇ ਗੀਤ
260 _c1982
650 _aਪੰਜਾਬੀ ਸਾਹਿਤ
942 _hO153,.1NPR4x, M0
_cTEXL
_2CC
999 _c384363
_d384363